Zavedenie SPC (Statistical Process Control) ako nástroja na zlepšenie kvality diplomová práca

Saved in:
Bibliographic Details
Main Author: Durkaiová, Jana
Corporate Author: Podnikovohospodárska fakulta EU so sídlom v Košiciach. Katedra manažmentu
Other Authors: Mečiar, Branislav
Format: Book
Language:Slovak
Published: Košice 2011
Tags: Add Tag
No Tags, Be the first to tag this record!

MARC

LEADER 00000nbm a2200000 4500
001 0139186
005 20161109101911.9
041 0 |a slo 
044 |a SK 
245 1 0 |a Zavedenie SPC (Statistical Process Control) ako nástroja na zlepšenie kvality  |b diplomová práca  |c Jana Durkaiová ; školiteľ: Branislav Mečiar 
264 1 |a Košice  |c 2011 
300 |a 84 s. 
100 1 |a Durkaiová, Jana 
700 1 |a Mečiar, Branislav 
710 2 |a Podnikovohospodárska fakulta EU so sídlom v Košiciach. Katedra manažmentu